Top 10 U.S. States with the highest percentage of Spanish Speakers - Statistics

General Stats
  • This quiz has been taken 22 times
  • The average score is 8 of 10
Answer Stats
Percentage State % Correct
26.34% California
100%
19.37% Florida
100%
22.96% New Mexico
100%
13.82% New York
100%
17.19% Arizona
95%
24.43% Texas
95%
17.76% Nevada
81%
13.07% Illinois
76%
15.4% New Jersey
76%
12.12% Rhode Island
24%
No matching quizzes found
Score Distribution
Percent of People with Each Score
Percentile by Number Answered
Your Score History
You have not taken this quiz